Prostatectomía transuretral / (Record no. 111644)

MARC details
000 -LEADER
campo de control de longitud fija 00843nam a2200193 4500
001 - NÚMERO DE CONTROL
campo de control 111644
003 - IDENTIFICADOR DE NÚMERO DE CONTROL
campo de control ES-MaACL
007 - CAMPO FIJO DE DESCRIPCIÓN FÍSICA--INFORMACIÓN GENERAL
campo de control de longitud fija t|
008 - DATOS DE LONGITUD FIJA--INFORMACIÓN GENERAL
campo de control de longitud fija 061121s1946 xxu r ||||1| spa d
100 1# - ENTRADA PRINCIPAL--NOMBRE DE PERSONA
Nombre de persona Nesbit, Reed M.
9 (RLIN) 85407
245 10 - MENCIÓN DEL TÍTULO
Título Prostatectomía transuretral /
Mención de responsabilidad, etc. por el Dr. Reed M. Nesbit; con dibujos ilustrando técnicas por William P. Didusch; un capítulo sobre la vascularización sanguínea de la glándula prostática por el Dr. Rubín H. Flocks; traducido al castellano por el Dr. Luis H. Rodríguez Díaz.
250 ## - MENCION DE EDICION
Mención de edición 1ª ed. en castellano.
260 ## - PUBLICACIÓN, DISTRIBUCIÓN, ETC.
Lugar de publicación, distribución, etc. Springfield [Estados Unidos] :
Nombre del editor, distribuidor, etc. Charles C. Thomas,
Fecha de publicación, distribución, etc. 1946.
300 ## - DESCRIPCIÓN FÍSICA
Extensión XVI, 186 p. :
Otras características físicas il. ;
Dimensiones 24 cm.
700 1# - ENTRADA AGREGADA--NOMBRE PERSONAL
Nombre de persona Didusch, William P.
9 (RLIN) 44525
700 1# - ENTRADA AGREGADA--NOMBRE PERSONAL
Nombre de persona Flocks, Rubín H.
9 (RLIN) 51226
700 1# - ENTRADA AGREGADA--NOMBRE PERSONAL
Nombre de persona Rodríguez Díaz, Luis H.
9 (RLIN) 98494
852 ## - LOCALIZACIÓN
Ubicación ES-MaACL
Número de control de estantería E-1628
Sublocalización o colección R.28570
Holdings
Estatus retirado Estado de pérdida Estado de daño No para préstamo Biblioteca de origen Biblioteca actual Ubicación en estantería Fecha de adquisición Fuente de adquisición Total de préstamos Signatura topográfica completa Código de barras Visto por última vez Precio de reemplazo Tipo de ítem Koha
        Biblioteca del Ateneo de Madrid Biblioteca del Ateneo de Madrid Depósito 2 17/01/2008     E-1628 1116467 23/02/2023 23/02/2023 Libro impreso